02747 a2200253 4500952014400000999001700144020001800161050002200179100002800201245010200229264005900331300003900390336002100429337002500450338002300475504001900498505113000517520070901647650003502356650002902391700002002420700002602440942002702466 00102LCC40708NFICaCCLbCCLcGENd2022-11-05i026891l1oHD 62.78 ENT2014p026891r2022-11-12 00:00:00s2022-11-05tC.1w2022-11-05yBK c10822d10822 a9780199054022 aHD62.7b.ENT 2014 a Van Aardt, Isaeeditor aEntrepreneurship & new venture management /cIsa Van Aardt (Editor), Stefan Bezuidenhout (Editor) a Goodwood, Cape Town:bOxford University Press,c 2014 a 477 pages : illustrations ; 24 cm 1textbrdacontent 1unmediatedbrdamedia 1volumebrdacarrier aincludes index aPart 1: Introduction. Entrepreneurship defined / Karen Booysen The entrepreneurial mindset / Karen Booysen Part 2: The entrepreneurial process. Creativity and generating new business ideas / Isa van Aardt, Clinton Massyn Opportunity recognition and evaluation / Isa van Aardt Part 3: New venture creation. Information technology for SMEs / Elana Swanepoel Entrepreneurial strategy / Isa van Aardt Business start-up / Isa van Aardt, Wesley Clarence Franchising / Isa van Aardt Business ethics and social responsibility / Hanneli Bendeman Basic financial concepts / Stefan Bezuidenhout Financial planning and forecasting / Stefan Bezuidenhout The business plan / Stefan Bezuidenhout Entrepreneurial management / Elana Swanepoel Marketing / Elana Swanepoel Operations / Isa van Aardt Managing human resources / Elana Swanepoel Legal aspects / Isa van Aardt Part 4: Managing the venture. Business cycles and the entrepreneur / Carel van Aardt, Patrick Naidoo Managing growth and harvesting / Elana Swanepoel Corporate entrepreneurship / Isa van Aardt Decline and turnaround / Elana Swanepoel Contemporary issues / Elana Swanepoel aHow do you approach the functional areas of business such as human resources and finance? Do you know how to channel creativity and generate new business ideas? What do you, as an entrepreneur, need to know about ethical business practices and social responsibility? Entrepreneurship and New Venture Management fifth edition explains the theoretical aspects that should be considered when starting a new business venture and offers practical examples to place this theory into a real-life perspective. The book covers vital elements of entrepreneurship such as how to write a business plan as well as other elements involved in running your own business venture such as financial planning and forecasting aEntrepreneurshipxSouth Africa aNew business enterprises aVan Aardt, Isa; a Bezuidenhout, Stefan 2lcccBKh62.7iAARkHD